Jakie Państwa popierają Rosję? - Statystyki

Ogólne statystyki
  • Ten quiz został rozwiązany 81 razy
  • Średni wynik to 16 z 23
Statystyki odpowiedzi
Kontynent Państwo % Poprawnych
Europa Białoruś
96%
Azja Korea Północna
90%
Azja Chiny
88%
Azja Iran
85%
Ameryka Północna Kuba
82%
Europa Serbia
82%
Azja Indie
78%
Europa Węgry
75%
Ameryka Południowa Wenezuela
75%
Afryka Niger
67%
Ameryka Północna Nikaragua
67%
Afryka Sudan
64%
Azja Pakistan
63%
Afryka Republika Południowej Afryki
63%
Afryka Algieria
61%
Ameryka Południowa Boliwia
61%
Azja Indonezja
61%
Azja Armenia
60%
Azja Syria
60%
Afryka Mali
57%
Afryka Erytrea
49%
Azja Mjanma
49%
Afryka Burkina Faso
45%
Nie znaleziono quizów pasujących do podanych kryteriów
Rozkład punktacji
Procent ludzi z każdym wynikiem
Percentyl według liczby udzielonych odpowiedzi
Twoja historia wyników
Nie rozwiązałeś tego quizu